000
00239nam a2200109Ia 4500
008
240625s9999 xx 000 0 und d
041
_a
eng
082
_a
658 FER
100
_a
FERNANDO A C
245
_a
BUSINESS ENVIRONMENT
260
_c
2011
999
_c
38269
_d
38269